| 000 | 02003nam a22002297a 4500 | ||
|---|---|---|---|
| 005 | 20260107105600.0 | ||
| 007 | ta | ||
| 008 | s2019 nyu ob 001 0 eng d | ||
| 020 | _a9780367571504 | ||
| 040 |
_aGR-AtMCL _beng _dGR-AtMCL |
||
| 245 | 0 | 4 |
_aThe Routledge handbook of philosophy and science of addiction / _cedited by Hanna Pickard and Serge H. Ahmed. |
| 250 | _a1st ed. | ||
| 264 | 1 |
_aLondon ; _aNew York : _bRoutledge, Taylor & Francis Group _c2019 |
|
| 490 | 0 | _aRoutledge handbooks in philosophy | |
| 504 | _aIncludes bibliographical references and index. | ||
| 520 | _aThe problem of addiction is one of the major challenges and controversies confronting medicine and society. It also poses important and complex philosophical and scientific problems. What is addiction? Why does it occur? And how should we respond to it, as individuals and as a society? The Routledge Handbook of Philosophy and Science of Addiction is an outstanding reference source to the key topics, problems and debates in this exciting subject. It spans several disciplines and is the first collection of its kind. Organised into three clear parts, forty-five chapters by a team of international contributors examine key areas, including: the meaning of addiction to individuals, conceptions of addiction, varieties and taxonomies of addiction, methods and models of addiction, evolution and addiction, history, sociology and anthropology, population distribution and epidemiology, developmental processes, vulnerabilities and resilience, psychological and neural mechanisms, prevention, treatment and spontaneous recovery, public health and the ethics of care social justice, law and policy. | ||
| 650 | 0 |
_aPsychology _910056 |
|
| 700 |
_aPickard, Hanna _910216 |
||
| 776 | 0 | 8 |
_iPrint version: _tThe Routledge handbook of philosophy and science of addiction _dNew York : Routledge, Taylor & Francis Group [2019] _z9781138909281 (hardback : alk. paper) _w(DLC) 2017058207 |
| 942 | _cBK | ||
| 999 |
_c10011 _d10011 |
||